00589nam a2200181 a 4500008004100000020002200041100002000063245009200083260004200175300003800217500002000255650004200275650004100317650002200358003000100380005001700381040000900398  a0750653469 (pbk.)1 aSmith, Peter F.10aArchitecture in a climate of change :ba guide to sustainable design /cPeter F. Smith. aOxford :bArchitectural Press,c2001. ax, 214 p. :bill., maps ;c22 cm. aIncludes index. 0aArchitecture and energy conservation. 0aArchitecturexEnvironmental aspects. 0aClimatic changes.20230123133736.0 cNUST